Kadrowicze Adama Nawałki - Statystyki

Ogólne statystyki
  • Ten quiz został rozwiązany 174 razy
  • Średni wynik to 28 z 80
Statystyki odpowiedzi
Liczba Meczów Minuty Imię Nazwisko % Poprawnych
40 3344 Robert Lewandowski
100%
34 2208 Jakub Błaszczykowski
93%
25 1996 Łukasz Fabiański
92%
22 1665 Wojciech Szczęsny
92%
35 2625 Arkadiusz Milik
90%
38 3287 Kamil Glik
90%
39 3358 Grzegorz Krychowiak
88%
38 2907 Kamil Grosicki
88%
31 2457 Łukasz Piszczek
85%
30 2441 Michał Pazdan
85%
29 2004 Piotr Zieliński
79%
27 2058 Artur Jędrzejczyk
73%
27 2072 Maciej Rybus
72%
10 584 Artur Boruc
66%
20 1353 Thiago Cionek
65%
10 700 Bartosz Bereszyński
64%
6 369 Jan Bednarek
64%
20 936 Karol Linetty
62%
16 482 Łukasz Teodorczyk
62%
31 2031 Krzysztof Mączyński
61%
14 746 Bartosz Kapustka
60%
17 397 Sławomir Peszko
59%
1 45 Łukasz Skorupski
57%
14 1096 Łukasz Szukała
50%
22 992 Tomasz Jodłowiec
49%
4 236 Dawid Kownacki
48%
11 806 Jakub Wawrzyniak
48%
8 206 Sebastian Mila
48%
3 117 Tomasz Kędziora
46%
7 496 Jacek Góralski
44%
4 305 Mateusz Klich
38%
3 26 Mariusz Stępiński
33%
4 183 Rafał Kurzawa
33%
1 45 Bartosz Białkowski
32%
3 116 Kamil Wilczek
32%
1 45 Przemysław Tytoń
32%
4 233 Bartosz Salamon
29%
1 86 Przemysław Frankowski
29%
4 170 Filip Starzyński
28%
2 180 Marcin Kamiński
27%
5 262 Paweł Wszołek
27%
1 67 Adrian Mierzejewski
24%
1 16 Eugen Polanski
24%
2 127 Ludovic Obraniak
24%
1 68 Paweł Brożek
24%
7 364 Waldemar Sobota
24%
4 48 Rafał Wolski
22%
1 61 Taras Romanczuk
22%
3 129 Michał Kucharczyk
21%
1 3 Paweł Dawidowicz
20%
13 788 Paweł Olkowski
19%
5 167 Maciej Makuszewski
16%
2 8 Artur Sobiech
15%
1 90 Jakub Rzeźniczak
15%
3 118 Jakub Świerczok
15%
2 82 Igor Lewczuk
13%
2 180 Jarosław Jach
12%
4 81 Michał Żyro
11%
3 105 Ariel Borysiuk
10%
1 38 Łukasz Broź
7%
3 92 Marcin Komorowski
7%
4 85 Marcin Robak
7%
1 90 Piotr Celeban
7%
1 87 Rafał Kosznik
7%
1 90 Rafał Leszczyński
7%
2 75 Szymon Pawłowski
7%
1 90 Grzegorz Wojtkowiak
6%
1 7 Damian Dąbrowski
5%
5 200 Tomasz Brzyski
5%
2 93 Adam Marciniak
4%
4 216 Maciej Wilusz
4%
2 107 Mateusz Zachara
3%
3 96 Michał Masłowski
3%
1 90 Michał Miśkiewicz
3%
1 81 Piotr Ćwielong
3%
1 90 Adam Kokoszka
2%
1 68 Dawid Plizga
2%
2 106 Łukasz Madej
2%
1 90 Marcin Kowalczyk
2%
1 68 Wojciech Golla
2%
Nie znaleziono quizów pasujących do podanych kryteriów
Rozkład punktacji
Procent ludzi z każdym wynikiem
Percentyl według liczby udzielonych odpowiedzi
Twoja historia wyników
Nie rozwiązałeś tego quizu